| 000 | 00496nam a2200181Ia 4500 | ||
|---|---|---|---|
| 005 | 20250425161053.0 | ||
| 008 | 250425s9999 xx 000 0 und d | ||
| 041 | _aeng | ||
| 082 | _a516.6 | ||
| 100 | _aROWE, CHARLES ELMER | ||
| 245 | 0 | _aENGINEERING DESCRIPTIVE GEOMETRY: THE DIRECT METHOD FOR STUDENTS, DRAFTMEN,ARCHITECTS AND ENGINEERS | |
| 250 | _a2ND ED. | ||
| 260 |
_aEstados Unidos _bD.VAN NOSTRAND _c1953 |
||
| 260 | _aNEW YORK | ||
| 300 | _a352 | ||
| 942 | _c01 | ||
| 010 | _a11865 | ||
| 999 |
_c201837 _d201837 |
||